000 00306nam a2200121 a 4500
008 110104s1980|||| d
100 1 _aLenin, V. I.
245 1 0 _aZobrané spisy 8
_bSeptember 1903 - september 1904
260 _bPravda
_aBratislava
_c1980
020 _c18
044 _axo
_cSK
041 _aslo
999 _c15428
_d15428